Loading...
| Current Events | 2 | 15.00 | 100% | 50% | 0% |
| Fine Arts - Classical Music | 7 | 20.00 | 100% | 71% | 29% |
| Fine Arts - Other | 2 | 15.00 | 100% | 50% | 0% |
| Fine Arts - Painting and Sculpture | 5 | 18.00 | 100% | 80% | 0% |
| Geography | 3 | 10.00 | 67% | 33% | 0% |
| History - American | 5 | 12.00 | 100% | 0% | 20% |
| History - European | 4 | 12.50 | 100% | 25% | 0% |
| History - Other | 5 | 14.00 | 80% | 60% | 0% |
| History - World | 7 | 12.86 | 100% | 29% | 0% |
| Literature - American | 7 | 21.43 | 100% | 86% | 29% |
| Literature - British | 2 | 15.00 | 100% | 50% | 0% |
| Literature - European | 5 | 20.00 | 100% | 80% | 20% |
| Literature - World | 5 | 22.00 | 100% | 80% | 40% |
| Mythology | 8 | 16.25 | 88% | 38% | 38% |
| Other Academic | 1 | 20.00 | 100% | 100% | 0% |
| Philosophy | 6 | 15.00 | 100% | 50% | 0% |
| Pop Culture | 1 | 20.00 | 100% | 100% | 0% |
| Religion | 7 | 11.43 | 100% | 14% | 0% |
| Science - Biology | 4 | 17.50 | 100% | 50% | 25% |
| Science - Chemistry | 6 | 13.33 | 100% | 33% | 0% |
| Science - Other | 5 | 10.00 | 100% | 0% | 0% |
| Science - Physics | 7 | 14.29 | 100% | 43% | 0% |
| Social Science | 4 | 10.00 | 100% | 0% | 0% |